Ruffino Vita, Il Viaggio della Vita

Recenzia na poéziu Ruffina Vita: Il Viaggo della Vita.

Saved in:
Bibliographic Details
Main Author: Vita, Tiziano
Format: Book Chapter
Language:Italian
Subjects:
Tags: Add Tag
No Tags, Be the first to tag this record!

MARC

LEADER 00000naa$a2200000$$$4500
001 0092829
005 20240502083235.9
041 0 |a ita 
044 |a IT 
245 1 0 |a Ruffino Vita, Il Viaggio della Vita  |c Tiziano Vita 
520 |a Recenzia na poéziu Ruffina Vita: Il Viaggo della Vita. 
610 2 0 |a recenzie 
610 2 0 |a umenie 
100 1 |a Vita, Tiziano